00289nam a2200109Ia 4500008004100000041000800041082002500049100001800074245003500092260004300127300000900170230411s9999 xx 000 0 und d aeng aG/599.935/MAN/B05069 aMandal Sanjay aFundamentals of Human Genetics bNew Central Book AgencyaKolkatac2007 a317p